Helsingin olympialaiset -visa - Statistics

Yleistilastot
  • Tätä visaa on pelattu 79 kertaa
    75 viimeisimmän päivityksen jälkeen
  • Keskiarvotulos 20 / 34
Vastaustilastot
% Oikein
Järjestelyt uusi kisavuosi 1952
99%
Perutut olympialaiset vuosi, jolloin Suomen piti alunperin järjestää olympialaiset 1940
97%
Järjestelyt uhka, jonka varalle järjestelytoimikunta otti vakuutuksen brittiläiseltä vakuutusyhtiöltä kylmä sota
97%
Perutut olympialaiset syy, miksi nämä kisat peruttiin talvisota
97%
Olympiapaikat kaupungit, joissa kilpailuja järjestettiin pääkaupunkiseudun lisäksi Turku
90%
Olympiapaikat kaupungit, joissa kilpailuja järjestettiin pääkaupunkiseudun lisäksi Tampere
88%
Järjestelyt tuleva presidentti, joka oli mukana järjestelytoimikunnassa Urho Kekkonen
88%
Mitalistit kisoista eniten mitaleja saanut valtio Yhdysvallat
85%
Olympialaisten vaikutus nimeä yksi kisojen myötä Suomeen tullut uusi "elintarvike" Coca-Cola
82%
Olympialaisten vaikutus nimeä yksi kisojen myötä Suomeen tullut uusi "elintarvike" lonkero
82%
Olympialaisten vaikutus nimeä yksi kisojen myötä Suomeen tullut uusi "elintarvike" purukumi
82%
Avajaiset olympiatulen sytyttivät stadionille Hannes Kolehmainen(torni)
81%
Avajaiset olympiatulen sytyttivät stadionille Paavo Nurmi(kenttä)
81%
Järjestelyt sotaboikotin jälkeen kaksi hävinnyttä maata sai luvan palata olympiakisoihin Länsi-Saksa
78%
Avajaiset kisat avannut presidentti J. K. Paasikivi
76%
Olympialaisten vaikutus lentoasema, joka valmistui olympialaisiin Helsinki-Vantaa
74%
Olympiapaikat kaupungit, joissa kilpailuja järjestettiin pääkaupunkiseudun lisäksi Lahti
71%
Järjestelyt ensimmäistä kertaa olympialaisiin osallistunut valtio Neuvostoliitto
68%
Olympiapaikat kaupungit, joissa kilpailuja järjestettiin pääkaupunkiseudun lisäksi Hämeenlinna
59%
Järjestelyt sotaboikotin jälkeen kaksi hävinnyttä maata sai luvan palata olympiakisoihin Japani
51%
Olympiapaikat kaupungit, joissa kilpailuja järjestettiin pääkaupunkiseudun lisäksi Kotka
44%
Olympialaisten vaikutus laivaterminaali, joka valmistui olympialaisiin Olympiaterminaali
44%
Mitalistit ensimmäinen suomalainen naiskultamitalisti kesäolympialaisissa Sylvi Saimo(500 m kajakkiyksiköt)
40%
Olympiapaikat nimeä yksi kisakylä, jossa urheilijat majoittuivat Kisakylä
34%
Olympiapaikat nimeä yksi kisakylä, jossa urheilijat majoittuivat Olympiakylä
34%
Näytöslajit nimeä toinen näytöslajeista käsipallo
32%
Näytöslajit nimeä toinen näytöslajeista pesäpallo
32%
Avajaiset urheilijoiden olympiavalan lausunut voimistelija Heikki Savolainen
28%
Avajaiset paikka, jossa "keskiyön auringon tuli" sytytettiin Pallastunturi
22%
Järjestelyt joukkuelaji, joka oli ensimmäistä kertaa mukana olympialaisissa maahockey
19%
Olympiapaikat nimeä yksi kisakylä, jossa urheilijat majoittuivat Otaniemi (itäblokki)
18%
Järjestelyt Olympiafanfaarin sävelsi Aarre Merikanto
13%
Perutut olympialaiset alkuperäisenä avauspäivänä pidetyt muistokisat kaatuneiden urheilijoiden muistokilpailut
7%
Avajaiset Suomen lipunkantaja (aitajuoksija) Väinö Suvivuo
4%
Ehtoja vastaavia visoja ei löytynyt
Tulosjakauma
Jokaisen tuloksen saaneiden osuus
Persentiili vastausten määrän mukaan
Tuloshistoriasi
Et ole pelannut tätä visaa sen viimeisimmän päivityksen jälkeen